Every Mortal Kombat Character Ever - Statistics

General Stats
  • This quiz has been taken 81 times
  • The average score is 44 of 79
Answer Stats
Origin First Appearence Answer % Correct
Outworld Mortal Kombat II Baraka
83%
Netherrealm Mortal Kombat: Deception Ashrah
77%
Heavens Mortal Kombat 11 Cetrion
74%
Earthrealm Mortal Kombat X Cassie Cage
71%
Edenia Mortal Kombat II Jade
71%
Earthrealm Mortal Kombat Johnny Cage
71%
Kronika's Keep Mortal Kombat 11 Geras
69%
Outworld Mortal Kombat: Deadly Alliance Bo Rai Cho
66%
Zaterra Mortal Kombat 3 Chameleon
66%
Earthrealm Mortal Kombat II Jax
66%
Edenia Mortal Kombat II Kitana
66%
Earthrealm Mortal Kombat II Kung Lao
66%
Outworld Mortal Kombat 3 Ermac
63%
Outworld Mortal Kombat Goro
63%
Chaosrealm Mortal Kombat: Deception Havik
63%
Earthrealm Mortal Kombat Kano
63%
Earthrealm Mortal Kombat Liu Kang
63%
Heavens Mortal Kombat Raiden
63%
Zaterra Mortal Kombat Reptile
63%
Earthrealm Mortal Kombat 3 Cyrax
60%
Orderrealm Mortal Kombat: Deception Darrius
60%
Outworld Mortal Kombat X Ferra/Torr
60%
Earthrealm Mortal Kombat: Deadly Alliance Frost
60%
Earthrealm Mortal Kombat Mythologies: Sub Zero Fujin
60%
Earthrealm Mortal Kombat X Jacqui Briggs
60%
Earthrealm Mortal Kombat Scorpion
60%
Earthrealm Mortal Kombat Shang Tsung
60%
Earthrealm Mortal Kombat Sonya Blade
60%
Edenia Mortal Kombat: Deady Alliance Blaze
57%
Edenia Mortal Kombat: Armageddon Daegon
57%
Orderrealm Mortal Kombat: Deception Dairou
57%
Outworld Mortal Kombat X D'Vorah
57%
Earthrealm Mortal Kombat X Erron Black
57%
Zaterra Mortal Kombat 3 Khameleon
57%
Outworld Mortal Kombat II Kintaro
57%
Dawn of Time Mortal Kombat 11 Kronika
57%
Netherrealm Mortal Kombat II Noob Saibot
57%
Earthrealm Mortal Kombat Sub Zero
57%
Orderrealm Mortal Kombat: Deception Hotaru
54%
Earthrealm Mortal Kombat 4 Jarek
54%
Earthrealm Mortal Kombat 3 Kabal
54%
Earthrealm Mortal Kombat 4 Kai
54%
Outworld Mortal Kombat X Kotal Kahn
54%
Earthrealm Mortal Kombat X Kung Jin
54%
Outworld Mortal Kombat: Deadly Alliance Li Mei
54%
Outworld Mortal Kombat II Mileena
54%
Outworld Mortal Kombat 3 Motaro
54%
Vaeternus Mortal Kombat: Deadly Alliance Nitara
54%
Netherrealm Mortal Kombat Mythologies: Sub Zero Quan Chi
54%
Edenia Mortal Kombat 3 Rain
54%
Heavens Mortal Kombat Mythologies: Sub Zero Shinnok
54%
Outworld Mortal Kombat 9 Skarlet
54%
Earthrealm Mortal Kombat II Smoke
54%
Earthrealm Mortal Kombat 9 Cyber Sub Zero
51%
Outworld Mortal Kombat: Deadly Alliance Drahmin
51%
Earthrealm Mortal Kombat: Deadly Alliance Hsu Hao
51%
Earthrealm Mortal Kombat: Deadly Alliance Kenshi
51%
Netherrealm Mortal Kombat: Deadly Alliance Moloch
51%
Earthrealm Mortal Kombat 3 Nightwolf
51%
Earthrealm Mortal Kombat 3 Sektor
51%
Outworld Mortal Kombat II Shao Kahn
51%
Earthrealm Mortal Kombat: Deception Kira
49%
Outworld Mortal Kombat 11 Kollector
49%
Outworld Mortal Kombat 4 Reiko
49%
Netherrealm Mortal Kombat Mythologies: Sub Zero Sareena
49%
Edenia Mortal Kombat 3 Sindel
49%
Edenia Mortal Kombat: Armageddon Taven
49%
Earthrealm Mortal Kombat: Special Forces Tremor
49%
Earthrealm Mortal Kombat: Deception Kobra
46%
Outworld Mortal Kombat 4 Meat
46%
Outworld Mortal Kombat: Deception Onaga
46%
Earthrealm Mortal Kombat: Deadly Alliance Mavado
43%
Earthrealm Mortal Kombat: Deadly Alliance Mokap
43%
Outworld Mortal Kombat 3 Sheeva
43%
Earthrealm Mortal Kombat: Deception Shujinko
43%
Earthrealm Mortal Kombat 3 Stryker
43%
Earthrealm Mortal Kombat X Takeda
43%
Edenia Mortal Kombat 4 Tanya
43%
Earthrealm Mortal Kombat X Triborg
40%
No matching quizzes found
Score Distribution
Percent of People with Each Score
Percentile by Number Answered
Your Score History
You have not taken this quiz